[Event "Hampshire Open"]
[Site "Eastleigh"]
[Date "2009.11.08"]
[Round "5"]
[White "Davies, Edward G"]
[Black "Butcher, Doug"]
[Result "0-1"]
[WhiteElo "1784"]
[BlackElo "1896"]
[PlyCount "96"]
[EventDate "2009.11.06"]
[EventType "swiss"]
[EventRounds "6"]
[EventCountry "ENG"]
[SourceTitle "BritBase"]
[Source "John Saunders"]
[SourceDate "2025.01.31"]
[SourceVersion "1"]
[SourceVersionDate "2025.01.31"]
[SourceQuality "1"]

1. e4 d5 2. exd5 Nf6 3. d4 Bg4 4. Be2 Bxe2 5. Qxe2 Qxd5 6. Qf3 Nc6 7. Qxd5 Nxd5 8. Nf3 Ndb4 9. Na3 O-O-O 10. c3 Nd3+ 11. Ke2 Nxc1+ 12. Raxc1 e5 13. Nc2 exd4 14. Ncxd4 Re8+ 15. Kd3 Nxd4 16. Nxd4 g6 17. Rhe1 Bc5 18. f3 Rd8 19. Rcd1 Rd7 20. Kc2 Rhd8 21. Nb3 Bd6 22. h3 b6 23. Nd4 Bg3 24. Nc6 Bxe1 25. Nxd8 Rxd1 26. Kxd1 Bxc3 27. bxc3 Kxd8 28. f4 Kd7 29. Kd2 Ke6 30. Kd3 Kf5 31. g3 h5 32. Ke3 b5 33. Kf3 a5 34. g4+ hxg4+ 35. hxg4+ Ke6 36. Ke4 f5+ 37. gxf5+ gxf5+ 38. Kd4 Kd6 39. c4 b4 40. c5+ Ke6 41. Kc4 c6 42. Kd4 a4 43. Kc4 b3 44. axb3 axb3 45. Kxb3 Kd5 46. Kb4 Kd4 47. Kb3 Kxc5 48. Kc3 Kd5 0-1

[Event "Hampshire Open"]
[Site "Eastleigh"]
[Date "2009.11.08"]
[Round "5"]
[White "Fowler, David W"]
[Black "Tunks, Dominic R"]
[Result "0-1"]
[WhiteElo "1912"]
[BlackElo "2136"]
[PlyCount "62"]
[EventDate "2009.11.06"]
[EventType "swiss"]
[EventRounds "6"]
[EventCountry "ENG"]
[SourceTitle "BritBase"]
[Source "John Saunders"]
[SourceDate "2025.01.31"]
[SourceVersion "1"]
[SourceVersionDate "2025.01.31"]
[SourceQuality "1"]

1. e4 c5 2. Nf3 d6 3. d4 cxd4 4. Qxd4 Bd7 5. c4 Na6 6. b3 Nf6 7. Nc3 Qa5 8. Bd2 e5 9. Nd5 Qxd5 10. Qxd5 Nxd5 11. exd5 b5 12. Rc1 bxc4 13. Bxc4 Nc5 14. O-O a5 15. Bxa5 Nxb3 16. Bxb3 Rxa5 17. Rc7 Be7 18. Rfc1 Ra8 19. Rb7 Bd8 20. h3 h5 21. Rc4 g5 22. Rcb4 f5 23. Nd2 Ba5 24. Rb8+ Ke7 25. Nc4 Raxb8 26. Rxb8 Rxb8 27. Nxa5 Rb5 28. Nc6+ Bxc6 29. dxc6 Rc5 30. Ba4 Rc1+ 31. Kh2 d5 0-1

[Event "Hampshire Open"]
[Site "Eastleigh"]
[Date "2009.11.08"]
[Round "5"]
[White "Fraser-Mitchell, Jeremy N"]
[Black "Cordner, David A"]
[Result "1-0"]
[WhiteElo "1992"]
[BlackElo "1952"]
[PlyCount "115"]
[EventDate "2009.11.06"]
[EventType "swiss"]
[EventRounds "6"]
[EventCountry "ENG"]
[SourceTitle "BritBase"]
[Source "John Saunders"]
[SourceDate "2025.01.31"]
[SourceVersion "1"]
[SourceVersionDate "2025.01.31"]
[SourceQuality "1"]

1. d4 Nf6 2. c4 e6 3. Nc3 Bb4 4. Bg5 c5 5. d5 Bxc3+ 6. bxc3 d6 7. e3 e5 8. Bd3 Nbd7 9. Ne2 Nf8 10. Qb1 Ng6 11. Qb5+ Qd7 12. Bxf6 Qxb5 13. cxb5 gxf6 14. Ng3 Ke7 15. O-O Bd7 16. c4 a6 17. a4 b6 18. Bf5 Nh4 19. Bxd7 Kxd7 20. f4 Ke7 21. f5 Rhg8 22. e4 Rg4 23. bxa6 Rxa6 24. Rfb1 Rg8 25. Rb2 Rga8 26. Rba2 Rg8 27. Ra3 Kd7 28. R1a2 Ra5 29. Nf1 Rg4 30. Re2 Nxf5 31. exf5 Rxc4 32. Rea2 Rb4 33. Ne3 Kc7 34. Kf2 Kb7 35. Ke2 Rd4 36. Ra1 Rh4 37. h3 Rd4 38. Ng4 Rxd5 39. Nxf6 Rd4 40. Nxh7 Kc6 41. g4 Rb4 42. Ng5 Ra7 43. f6 d5 44. a5 Rb2+ 45. Kf3 e4+ 46. Kg3 b5 47. a6 b4 48. Re3 Kd6 49. Nxf7+ Ke6 50. Nd8+ Kxf6 51. Nc6 Ra8 52. a7 c4 53. Ra6 Kg7 54. Rb6 c3 55. Rxb4 Rxa7 56. Rxc3 Rxb4 57. Nxb4 Rd7 58. Re3 1-0

[Event "Hampshire Open"]
[Site "Eastleigh"]
[Date "2009.11.08"]
[Round "5"]
[White "McDougall, Andrew"]
[Black "Lawson, Maurice E"]
[Result "1-0"]
[WhiteElo "2072"]
[BlackElo "2016"]
[PlyCount "81"]
[EventDate "2009.11.06"]
[EventType "swiss"]
[EventRounds "6"]
[EventCountry "ENG"]
[SourceTitle "BritBase"]
[Source "John Saunders"]
[SourceDate "2025.01.31"]
[SourceVersion "1"]
[SourceVersionDate "2025.01.31"]
[SourceQuality "1"]

1. e4 c6 2. d4 d5 3. exd5 cxd5 4. c4 Nf6 5. Nc3 Nc6 6. Bg5 e6 7. Nf3 Be7 8. c5 O-O 9. Bb5 Bd7 10. O-O b6 11. Bxc6 Bxc6 12. Ne5 Rc8 13. b4 a6 14. Na4 bxc5 15. bxc5 Nd7 16. Nxd7 Bxd7 17. Bf4 Bb5 18. Re1 Rc6 19. Nb6 Rxb6 20. cxb6 Qxb6 21. a4 Bc4 22. Rb1 Bb4 23. Re3 a5 24. Rh3 Qa6 25. Qf3 f6 26. Qg3 Rf7 27. Rd1 Qc6 28. Ra1 Ba6 29. Qe3 Re7 30. g4 Qc2 31. g5 f5 32. g6 hxg6 33. Qg3 Qe4 34. Bd6 Rf7 35. Rh4 Bxd6 36. Qh3 Qxh4 37. Qxh4 Be7 38. Qg3 g5 39. Qb8+ Rf8 40. Qa7 Bf6 41. Qxa6 1-0

[Event "Hampshire Open"]
[Site "Eastleigh"]
[Date "2009.11.08"]
[Round "5"]
[White "Williams, Peter Arthur"]
[Black "Lock, Gavin R"]
[Result "0-1"]
[WhiteElo "2072"]
[BlackElo "2160"]
[PlyCount "38"]
[EventDate "2009.11.06"]
[EventType "swiss"]
[EventRounds "6"]
[EventCountry "ENG"]
[SourceTitle "BritBase"]
[Source "John Saunders"]
[SourceDate "2025.01.31"]
[SourceVersion "1"]
[SourceVersionDate "2025.01.31"]
[SourceQuality "1"]

1. d4 f5 2. g3 Nf6 3. Bg2 g6 4. Nf3 Bg7 5. O-O O-O 6. b4 Nc6 7. b5 Na5 8. Qd3 d5 9. Na3 Be6 10. Ng5 Qd7 11. Bf4 Ne4 12. Nxe6 Qxe6 13. Bxc7 b6 14. f3 Rac8 15. fxe4 dxe4 16. Qd2 Rxc7 17. e3 Qd6 18. Nb1 Nc4 19. Qf2 Nxe3 0-1

[Event "Hampshire Open"]
[Site "Eastleigh"]
[Date "2009.11.08"]
[Round "5"]
[White "Yeo, Michael J"]
[Black "McMaster, Richard G"]
[Result "1/2-1/2"]
[WhiteElo "2136"]
[BlackElo "1928"]
[PlyCount "44"]
[EventDate "2009.11.06"]
[EventType "swiss"]
[EventRounds "6"]
[EventCountry "ENG"]
[SourceTitle "BritBase"]
[Source "John Saunders"]
[SourceDate "2025.01.31"]
[SourceVersion "1"]
[SourceVersionDate "2025.01.31"]
[SourceQuality "1"]

1. e4 e5 2. Nf3 d6 3. d4 exd4 4. Nxd4 g6 5. Nc3 Bg7 6. Be3 Nf6 7. f3 O-O 8. Qd2 d5 9. e5 Nh5 10. g4 c5 11. O-O-O cxd4 12. Bxd4 Nc6 13. gxh5 Nxe5 14. h6 Bf6 15. f4 Ng4 16. h3 Nxh6 17. Bxf6 Qxf6 18. Nxd5 Qg7 19. Bb5 Bf5 20. Ne7+ Kh8 21. Nxf5 Nxf5 22. Rhe1 Qf6 1/2-1/2

[Event "Hampshire Open"]
[Site "Eastleigh"]
[Date "2009.11.08"]
[Round "6"]
[White "Kawuma, Steven Male"]
[Black "Yeo, Michael J"]
[Result "1-0"]
[WhiteElo "2192"]
[BlackElo "2136"]
[PlyCount "81"]
[EventDate "2009.11.06"]
[EventType "swiss"]
[EventRounds "6"]
[EventCountry "ENG"]
[SourceTitle "BritBase"]
[Source "John Saunders"]
[SourceDate "2025.01.31"]
[SourceVersion "1"]
[SourceVersionDate "2025.01.31"]
[SourceQuality "1"]

1. e4 e5 2. d4 exd4 3. Qxd4 Nc6 4. Qe3 Nf6 5. Bd2 Bb4 6. Nc3 O-O 7. O-O-O Re8 8. f3 d5 9. Qg5 h6 10. Qh4 d4 11. Nb1 Bc5 12. a3 Qe7 13. Ne2 Be6 14. g4 Ba2 15. Ng3 Bxb1 16. Nf5 Qd8 17. Kxb1 Bf8 18. Rg1 Nh7 19. Qg3 Ne7 20. Bf4 Nxf5 21. gxf5 c5 22. Bxh6 Qf6 23. Bf4 Rad8 24. Bb5 Re7 25. Bd3 Rde8 26. Rde1 Qc6 27. e5 f6 28. Bc4+ Kh8 29. Qg4 b5 30. Be6 Rxe6 31. fxe6 Qxe6 32. Qxe6 Rxe6 33. exf6 Rxe1+ 34. Rxe1 Nxf6 35. Re6 Kg8 36. Ra6 Nd5 37. Be5 Ne7 38. Bg3 Nf5 39. Rxa7 Nxg3 40. hxg3 Bd6 41. f4 1-0

[Event "Hampshire Open"]
[Site "Eastleigh"]
[Date "2009.11.08"]
[Round "6"]
[White "Lock, Gavin R"]
[Black "Fraser-Mitchell, Jeremy N"]
[Result "1-0"]
[WhiteElo "2160"]
[BlackElo "1992"]
[PlyCount "83"]
[EventDate "2009.11.06"]
[EventType "swiss"]
[EventRounds "6"]
[EventCountry "ENG"]
[SourceTitle "BritBase"]
[Source "John Saunders"]
[SourceDate "2025.01.31"]
[SourceVersion "1"]
[SourceVersionDate "2025.01.31"]
[SourceQuality "1"]

1. d4 f5 2. Nf3 Nf6 3. Bg5 e6 4. Nbd2 Be7 5. Bxf6 Bxf6 6. e4 O-O 7. Bd3 d5 8. exf5 exf5 9. O-O Nc6 10. c3 Qd6 11. Re1 Bd7 12. Qc2 g6 13. b4 Rae8 {(=)} 14. Nb3 b6 15. b5 Nd8 16. a4 Nf7 17. a5 Rxe1+ 18. Rxe1 Re8 19. Rxe8+ Bxe8 20. Qa2 Kg7 21. Nbd2 Bd7 22. h4 h6 23. axb6 axb6 24. Qc2 Qe7 25. h5 Nd6 26. hxg6 Kxg6 27. c4 dxc4 28. Nxc4 Nxc4 29. Qxc4 Be6 30. d5 Bf7 31. Qg4+ Kh7 32. Qxf5+ Kg8 33. Qh7+ Kf8 34. Qxh6+ Ke8 35. Bg6 Qc5 36. Bxf7+ Kxf7 37. Qh7+ Kf8 38. Qf5 Kg7 39. g4 Qxb5 40. g5 Bc3 41. Kg2 Qe8 42. Qc2 1-0

[Event "Hampshire Open"]
[Site "Eastleigh"]
[Date "2009.11.08"]
[Round "6"]
[White "Butcher, Doug"]
[Black "McDougall, Andrew"]
[Result "0-1"]
[WhiteElo "1896"]
[BlackElo "2072"]
[PlyCount "72"]
[EventDate "2009.11.06"]
[EventType "swiss"]
[EventRounds "6"]
[EventCountry "ENG"]
[SourceTitle "BritBase"]
[Source "John Saunders"]
[SourceDate "2025.01.31"]
[SourceVersion "1"]
[SourceVersionDate "2025.01.31"]
[SourceQuality "1"]

1. Nf3 Nf6 2. b3 d5 3. Bb2 c5 4. e3 a6 5. Be2 Nc6 6. O-O e6 7. d3 Be7 8. Nbd2 b5 9. c4 O-O 10. Ne5 Bb7 11. f4 Nd7 12. Ndf3 Ndxe5 13. Nxe5 Nxe5 14. Bxe5 f6 15. Bb2 Qd6 16. Qe1 Rad8 17. cxb5 axb5 18. Qa5 Ra8 19. Qd2 Qb6 20. Kh1 b4 21. Rf3 f5 22. Rg3 Bf6 23. Bxf6 Rxf6 24. Qb2 Rf7 25. h4 Qd8 26. Rh3 Qf6 27. d4 Rc7 28. Rb1 Rac8 29. Rc1 Qe7 30. g3 cxd4 31. Rxc7 Qxc7 32. Qxd4 Qc3 33. Qd3 d4+ 34. Kg1 Qe1+ 35. Bf1 Rc1 36. Qb5 Qxe3+ 0-1

[Event "Hampshire Open"]
[Site "Eastleigh"]
[Date "2009.11.08"]
[Round "6"]
[White "Cordner, David A"]
[Black "Davies, Edward G"]
[Result "1-0"]
[WhiteElo "1952"]
[BlackElo "1784"]
[PlyCount "39"]
[EventDate "2009.11.06"]
[EventType "swiss"]
[EventRounds "6"]
[EventCountry "ENG"]
[SourceTitle "BritBase"]
[Source "John Saunders"]
[SourceDate "2025.01.31"]
[SourceVersion "1"]
[SourceVersionDate "2025.01.31"]
[SourceQuality "1"]

1. d4 c6 2. c4 d5 3. Nc3 Nf6 4. Nf3 e6 5. Bg5 h6 6. Bh4 dxc4 7. e4 Bb4 8. Bxf6 Qxf6 9. Bxc4 Nd7 10. e5 Qd8 11. O-O Nb6 12. Bd3 Nd5 13. Ne4 b6 14. Rc1 Bb7 15. a3 Be7 16. Qd2 Qd7 17. Rfd1 O-O 18. Bb1 Rac8 19. Qd3 Nf4 20. Nf6+ 1-0

[Event "Hampshire Open"]
[Site "Eastleigh"]
[Date "2009.11.08"]
[Round "6"]
[White "Edney, Richard H"]
[Black "Anderson, Thomas R"]
[Result "1/2-1/2"]
[WhiteElo "1864"]
[BlackElo "1880"]
[PlyCount "56"]
[EventDate "2009.11.06"]
[EventType "swiss"]
[EventRounds "6"]
[EventCountry "ENG"]
[SourceTitle "BritBase"]
[Source "John Saunders"]
[SourceDate "2025.01.31"]
[SourceVersion "1"]
[SourceVersionDate "2025.01.31"]
[SourceQuality "1"]

1. d4 e6 2. e4 c5 3. d5 exd5 4. exd5 d6 5. c4 Nf6 6. Nc3 g6 7. Bd3 Bg7 8. Qe2+ Kf8 9. h3 h6 10. Nf3 Kg8 11. O-O Kh7 12. Bf4 Re8 13. Qc2 a6 14. Rfe1 b6 15. Rxe8 Nxe8 16. Re1 Nd7 17. Qe2 Ndf6 18. Nd2 Kg8 19. g4 g5 20. Bg3 Ra7 21. Bc2 Kf8 22. Nf1 b5 23. Ne3 b4 24. Ne4 Nxe4 25. Bxe4 Re7 26. Bb1 Be5 27. Kg2 Bxg3 28. Kxg3 Nf6 1/2-1/2

[Event "Hampshire Open"]
[Site "Eastleigh"]
[Date "2009.11.08"]
[Round "6"]
[White "Lawson, Maurice E"]
[Black "Abbott, Mark V"]
[Result "1-0"]
[WhiteElo "2016"]
[BlackElo "1992"]
[PlyCount "69"]
[EventDate "2009.11.06"]
[EventType "swiss"]
[EventRounds "6"]
[EventCountry "ENG"]
[SourceTitle "BritBase"]
[Source "John Saunders"]
[SourceDate "2025.01.31"]
[SourceVersion "1"]
[SourceVersionDate "2025.01.31"]
[SourceQuality "1"]

1. e4 c5 2. Nf3 g6 3. d4 cxd4 4. Nxd4 Nc6 5. Nc3 Bg7 6. Be3 Nf6 7. Bc4 O-O 8. f3 Qb6 9. Qd2 Nxe4 10. fxe4 Bxd4 11. Bxd4 Qxd4 12. Qxd4 Nxd4 13. O-O-O Ne6 14. Nd5 Re8 15. e5 b5 16. Bxb5 Rb8 17. Bc4 Bb7 18. Rhf1 Rbc8 19. b3 Nd8 20. Ne3 d6 21. exd6 exd6 22. Nd5 Kg7 23. g4 Nc6 24. Nf6 Red8 25. Ne8+ Rxe8 26. Rxf7+ Kh8 27. Rxb7 Na5 28. Rxa7 Nxc4 29. bxc4 Rxc4 30. Rxd6 Rec8 31. Rd2 Rxg4 32. a4 Rgc4 33. a5 g5 34. a6 h5 35. Rb7 1-0

[Event "Hampshire Open"]
[Site "Eastleigh"]
[Date "2009.11.08"]
[Round "6"]
[White "McDougall, William M"]
[Black "Williams, Peter Arthur"]
[Result "0-1"]
[WhiteElo "2040"]
[BlackElo "2072"]
[PlyCount "72"]
[EventDate "2009.11.06"]
[EventType "swiss"]
[EventRounds "6"]
[EventCountry "ENG"]
[SourceTitle "BritBase"]
[Source "John Saunders"]
[SourceDate "2025.01.31"]
[SourceVersion "1"]
[SourceVersionDate "2025.01.31"]
[SourceQuality "1"]

1. d4 d5 2. c4 c6 3. Nc3 Nf6 4. e3 Bg4 5. Qb3 Qb6 6. Qxb6 axb6 7. cxd5 Nxd5 8. Nxd5 cxd5 9. Bd2 Nc6 10. Bb5 e6 11. h3 Bh5 12. g4 Bg6 13. Nf3 Bd6 14. Ne5 Bxe5 15. dxe5 O-O 16. Bc3 Rfd8 17. Bxc6 bxc6 18. O-O c5 19. a4 d4 20. exd4 cxd4 21. Bd2 Rd5 22. f4 Bc2 23. Rfc1 d3 24. b4 Rd4 25. a5 b5 26. Kf2 Kf8 27. Be3 Rc4 28. Bc5+ Ke8 29. Ke3 Kd7 30. a6 Kc6 31. Ra3 Kd5 32. Raa1 Re4+ 33. Kf3 Re2 34. a7 Kc4 35. Re1 Rxe1 36. Rxe1 d2 0-1

[Event "Hampshire Open"]
[Site "Eastleigh"]
[Date "2009.11.08"]
[Round "6"]
[White "McMaster, Richard G"]
[Black "Tunks, Dominic R"]
[Result "1/2-1/2"]
[WhiteElo "1928"]
[BlackElo "2136"]
[PlyCount "33"]
[EventDate "2009.11.06"]
[EventType "swiss"]
[EventRounds "6"]
[EventCountry "ENG"]
[SourceTitle "BritBase"]
[Source "John Saunders"]
[SourceDate "2025.01.31"]
[SourceVersion "1"]
[SourceVersionDate "2025.01.31"]
[SourceQuality "1"]

1. d4 Nf6 2. c4 e6 3. Nc3 Bb4 4. f3 d6 5. a3 Bxc3+ 6. bxc3 Nbd7 7. e4 Nh5 8. Nh3 e5 9. Be3 Qf6 10. Qd2 h6 11. Nf2 Nf8 12. Be2 Nf4 13. Bxf4 Qxf4 14. Qxf4 exf4 15. Nd3 g5 16. c5 Ng6 17. cxd6 1/2-1/2

[Event "Hampshire Open"]
[Site "Eastleigh"]
[Date "2009.11.08"]
[Round "6"]
[White "Moore, Gillian A"]
[Black "Dallas, Peter L"]
[Result "0-1"]
[WhiteElo "1752"]
[BlackElo "1824"]
[PlyCount "97"]
[EventDate "2009.11.06"]
[EventType "swiss"]
[EventRounds "6"]
[EventCountry "ENG"]
[SourceTitle "BritBase"]
[Source "John Saunders"]
[SourceDate "2025.01.31"]
[SourceVersion "1"]
[SourceVersionDate "2025.01.31"]
[SourceQuality "1"]

1. d4 g6 2. e4 Bg7 3. Nc3 d6 4. f4 Nd7 5. Nf3 e6 6. e5 a6 7. a4 h5 8. Bc4 d5 9. Bd3 Nh6 10. O-O c5 11. b3 Qc7 12. Be3 Ng4 13. Qd2 Nxe3 14. Qxe3 cxd4 15. Qxd4 Bf8 16. b4 Nb8 17. Na2 Bd7 18. a5 Nc6 19. Qb2 b6 20. axb6 Qxb6+ 21. Kh1 Rb8 22. Rfb1 a5 23. b5 Nb4 24. Nxb4 Bxb4 25. c3 Be7 26. Qc2 Rc8 27. Nd4 Kf8 28. Ra2 Bb4 29. Nc6 Bxc6 30. bxc6 Rxc6 31. Qd2 Kg7 32. cxb4 Rhc8 33. h3 Qd4 34. bxa5 Rc3 35. Bxg6 Qxd2 36. Rxd2 Kxg6 37. Kh2 h4 38. Ra1 Kf5 39. Rd4 Rc2 40. Rda4 Rg8 41. Rg1 Rc4 42. Rga1 Kxf4 43. Rxc4+ dxc4 44. Rc1 Rc8 45. Rf1+ Ke3 46. Rxf7 Ke2 47. a6 c3 48. a7 c2 49. Rc7 {Remaining moves unreadable but 0-1, 63.} 0-1

[Event "Hampshire Open"]
[Site "Eastleigh"]
[Date "2009.11.08"]
[Round "6"]
[White "Pye, David E"]
[Black "Fowler, David W"]
[Result "1-0"]
[WhiteElo "2040"]
[BlackElo "1912"]
[PlyCount "97"]
[EventDate "2009.11.06"]
[EventType "swiss"]
[EventRounds "6"]
[EventCountry "ENG"]
[SourceTitle "BritBase"]
[Source "John Saunders"]
[SourceDate "2025.01.31"]
[SourceVersion "1"]
[SourceVersionDate "2025.01.31"]
[SourceQuality "1"]

1. e4 e5 2. Nf3 Nc6 3. Bb5 a6 4. Bxc6 dxc6 5. O-O Bg4 6. h3 Bh5 7. g4 Bg6 8. Nxe5 Qh4 9. Kg2 Bxe4+ 10. f3 Bd5 11. Qe1 Qxe1 12. Rxe1 O-O-O 13. Nc3 Be6 14. b3 h5 15. Re2 hxg4 16. hxg4 Bd6 17. d3 f6 18. Ng6 Rh2+ 19. Kg1 Rxe2 20. Nxe2 Bd5 21. Kg2 Re8 22. Kf2 Bf7 23. Nh4 Bc5+ 24. d4 Bf8 25. Be3 Ne7 26. c4 g6 27. Ng2 Bg7 28. Rh1 Rh8 29. Rxh8+ Bxh8 30. Bd2 f5 31. Kg3 Kd7 32. Ne3 fxg4 33. fxg4 b6 34. Kf4 a5 35. Ke4 Kd6 36. Nf4 Bf6 37. Bc1 Kd7 38. Nd3 Ke6 {(=)} 39. Ba3 g5 40. Nf5 Bg6 41. Bxe7 Bxf5+ 42. gxf5+ Kxe7 43. Ne5 Kd6 44. c5+ bxc5 45. dxc5+ Ke7 46. Nxc6+ Kf7 47. Nxa5 Bc3 48. Nc4 Bb4 49. Ne5+ 1-0